| 000 -LEADER |
| fixed length control field |
00570cam a2200169 i 4500 |
| 020 ## - INTERNATIONAL STANDARD BOOK NUMBER |
| ISBN |
2853190080 (v. 1) : |
| 040 ## - CATALOGING SOURCE |
| Transcribing agency |
DLC |
| 082 00 - DEWEY DECIMAL CLASSIFICATION NUMBER |
| Classification number |
635 PRE 1974 |
| 100 1# - MAIN ENTRY--AUTHOR NAME |
| Personal name |
Messiaen, Charles-Maire. |
| 245 13 - TITLE STATEMENT |
| Title |
Le potager tropical / |
| 260 ## - PUBLICATION, DISTRIBUTION, ETC. (IMPRINT) |
| Place of publication |
Paris : |
| Name of publisher |
Presses universitaires de France ; |
| Place of publication |
Paris (105, rue de Lille, 75007) : |
| Name of publisher |
Conseil international de la langue française, |
| Year of publication |
1974. |
| 300 ## - PHYSICAL DESCRIPTION |
| Number of Pages |
3 v. (567 p.) : |
| Other physical details |
ill. ; |
| Dimensions |
21 cm. |
| 490 0# - SERIES STATEMENT |
| Series statement |
Techniques vivantes : Section Agronomie tropicale |
| 650 #0 - SUBJECT ADDED ENTRY--TOPICAL TERM |
| Topical Term |
Truck farming |
| 650 #0 - SUBJECT ADDED ENTRY--TOPICAL TERM |
| Topical Term |
Tropical vegetables. |
| 942 ## - ADDED ENTRY ELEMENTS (KOHA) |
| Koha item type |
សៀវភៅភាសាអង់គ្លេស |
| 952 ## - LOCATION AND ITEM INFORMATION (KOHA) |
| Withdrawn status [LOCAL, KOHA] |
0 |